[Event "10. Kreuzberg Open"]
[Site "Berlin"]
[Date "2009.07.25"]
[Round "8.6"]
[White "Kupfer, Michael"]
[Black "Lüders, Gerhard"]
[Result "1/2-1/2"]
[WhiteElo "2198"]
[BlackElo "2254"]
[PlyCount "123"]
[EventDate "2009.??.??"]
[WhiteTeam "SC Friesen Lichtenberg e.V."]
[BlackTeam "BSC Rehberge 1945 e.V."]

1. e4 c5 2. Nc3 Nc6 3. Bb5 g6 4. Bxc6 dxc6 5. f4 Nf6 6. Nf3 Bg7 7. O-O O-O 8.
d3 Bg4 9. Qe1 Bxf3 10. Rxf3 c4 11. Qh4 cxd3 12. cxd3 e6 13. Rh3 Nh5 14. Qe1
Bd4+ 15. Kh1 f5 16. Ne2 Nf6 17. Be3 Bxe3 18. Rxe3 Qb6 19. Nc3 Rad8 20. h3 Nh5
21. exf5 exf5 22. Re7 Rf7 23. Na4 Qd4 24. Qe6 Rdf8 25. Rxf7 Rxf7 26. Qe8+ Rf8
27. Qe6+ Kg7 28. Qe5+ Qxe5 29. fxe5 Nf4 30. Nc5 Re8 31. Re1 b6 32. g3 Nxh3 33.
Kg2 bxc5 34. Kxh3 Kf7 35. Kh4 h6 36. g4 Rd8 37. e6+ Ke7 38. gxf5 Rd4+ 39. Kg3
Rxd3+ 40. Kf4 Rd4+ 41. Ke3 gxf5 42. Rg1 Re4+ 43. Kf3 Rg4 44. Rh1 Rg6 45. Rc1
Rxe6 46. Rxc5 Kf6 47. Kf4 Kg6 48. Ra5 Re7 49. Rc5 Re4+ 50. Kf3 Re6 51. Ra5 Re7
52. Rc5 Rc7 53. b4 a6 54. a4 Rb7 55. Rxc6+ {(=)} Kg5 56. Rxa6 Rxb4 57. a5 Ra4
58. Ra8 Ra3+ 59. Kf2 Kf4 60. Rh8 Rxa5 61. Rxh6 Ra2+ 62. Kf1 {
nach weiteren Zügen Remis.} 1/2-1/2

[Event "10. Kreuzberg Open"]
[Site "Berlin"]
[Date "2009.07.25"]
[Round "8.7"]
[White "Niehaus, Frank"]
[Black "Cusnariov, Nicolai"]
[Result "1/2-1/2"]
[WhiteElo "2149"]
[BlackElo "2166"]
[PlyCount "29"]
[EventDate "2009.??.??"]
[WhiteTeam "Sfrd. Berlin 1903 e.V."]
[BlackTeam "USV Potsdam e.V., Abt. Schach"]

1. e4 e6 2. d4 d5 3. Nc3 dxe4 4. Nxe4 Nd7 5. Nf3 Ngf6 6. Bg5 h6 7. Bh4 Be7 8.
Bxf6 Nxf6 9. Nxf6+ Bxf6 10. Qd2 O-O 11. O-O-O b6 12. Kb1 Bb7 13. Be2 Qd6 14.
Qe3 Rad8 15. Ne5 1/2-1/2

[Event "10. Kreuzberg Open"]
[Site "Berlin"]
[Date "2009.07.25"]
[Round "8.8"]
[White "Kiesekamp, Marcos"]
[Black "Welz, Peter"]
[Result "1/2-1/2"]
[WhiteElo "2334"]
[BlackElo "2101"]
[PlyCount "75"]
[EventDate "2009.??.??"]
[WhiteTeam "TuS Makkabi Berlin e.V."]
[BlackTeam "SV Empor Berlin e.V."]

1. d4 f5 2. g3 Nf6 3. Bg2 e6 4. c4 Be7 5. Nh3 O-O 6. Nf4 d6 7. O-O e5 8. dxe5
dxe5 9. Nd5 Nxd5 10. cxd5 Nd7 11. Nd2 Nb6 12. Qb3 Kh8 13. e4 f4 14. Nf3 fxg3
15. hxg3 Bd6 16. Qc3 Qe8 17. b3 Bg4 18. Bb2 Nd7 19. Nh2 Be2 20. Rfe1 Qh5 21. b4
Rf6 22. f3 Ba6 23. Bc1 Raf8 24. Be3 Rg6 25. g4 Qh4 26. a4 b6 27. a5 Bc8 28.
axb6 axb6 29. Ra8 h5 30. g5 Rxg5 31. Bxg5 Qxg5 32. Kh1 Qe7 33. Bh3 Bxb4 34.
Qxc7 Bxe1 35. d6 Qh4 36. Bxd7 Bg3 37. Qc2 Bxh2 38. Qxh2 1/2-1/2

[Event "10. Kreuzberg Open"]
[Site "Berlin"]
[Date "2009.07.25"]
[Round "8.9"]
[White "Gaerths, Ronny"]
[Black "Bergmann, Jens"]
[Result "1-0"]
[WhiteElo "2243"]
[BlackElo "1824"]
[PlyCount "73"]
[EventDate "2009.??.??"]
[WhiteTeam "Betriebsschach-TT/Wilheil-"]
[BlackTeam "SK Tempelhof 1931 e.V."]

1. d4 Nf6 2. Bg5 Ne4 3. Bf4 d5 4. e3 c6 5. Bd3 Qa5+ 6. c3 Bf5 7. Nf3 h6 8. Ne5
g5 9. Bg3 h5 10. f3 Nxg3 11. hxg3 Be6 12. f4 Nd7 13. Nxd7 Bxd7 14. Rxh5 Rg8 15.
f5 f6 16. Nd2 O-O-O 17. Qf3 Qc7 18. O-O-O Qd6 19. g4 Bg7 20. Rh7 Rde8 21. e4 e5
22. fxe6 Bxe6 23. exd5 Bxd5 24. Qf2 Bxa2 25. Bc4 Bxc4 26. Nxc4 Qe6 {(=)} 27.
Qf5 Qxf5 28. Nd6+ Kb8 29. Nxf5 Bf8 30. Rdh1 a6 31. Rf7 Re4 32. Rhh7 Rxg4 33.
Rxb7+ Ka8 34. Rbd7 Bg7 35. Nxg7 Rxg2 36. Nf5 Re8 37. Ra7+ 1-0

[Event "10. Kreuzberg Open"]
[Site "Berlin"]
[Date "2009.07.25"]
[Round "8.10"]
[White "Grassi, Fabrizio"]
[Black "Sechting, Martin"]
[Result "0-1"]
[WhiteElo "1952"]
[BlackElo "2097"]
[PlyCount "86"]
[EventDate "2009.??.??"]
[WhiteTeam "SV Berlin-Friedrichstadt"]
[BlackTeam "Hamburger SK von 1830 eV"]

1. d4 Nf6 2. Bf4 e6 3. e3 c5 4. c3 cxd4 5. exd4 Qb6 6. Qc2 Nc6 7. Nf3 d6 8.
Nbd2 Nh5 9. Be3 d5 10. Ne5 Qc7 11. Bb5 f6 12. Nxc6 {(=)} bxc6 13. Be2 Nf4 14.
Bxf4 Qxf4 15. Bh5+ g6 16. Be2 Bd7 17. Qa4 Bh6 18. Qc2 Rb8 19. b4 O-O 20. Nb3 e5
21. g3 Qg5 22. h4 Qf5 23. Qxf5 Bxf5 24. g4 Bc2 25. dxe5 fxe5 26. Nc5 a5 27. a3
axb4 28. cxb4 Ra8 29. Ra2 Bb1 30. Ra1 Be4 31. Nxe4 {(=)} dxe4 32. g5 Bg7 33.
Rh3 Rf4 34. Ra2 e3 35. fxe3 Re4 36. Kd2 Rxb4 37. Kc3 Rba4 38. Bc4+ Kh8 39. Kb3
e4 40. h5 gxh5 41. Rxh5 R4a5 42. a4 Rb8+ 43. Kc2 Rc5 0-1

[Event "10. Kreuzberg Open"]
[Site "Berlin"]
[Date "2009.07.26"]
[Round "9.1"]
[White "Rabiega, Robert"]
[Black "Abel, Dennes"]
[Result "1/2-1/2"]
[WhiteElo "2551"]
[BlackElo "2328"]
[PlyCount "21"]
[EventDate "2009.??.??"]
[WhiteTeam "SK König Tegel 1949 e.V."]
[BlackTeam "Sfrd. Berlin 1903 e.V."]

1. e4 c5 2. c3 Nf6 3. e5 Nd5 4. Nf3 Nc6 5. d4 cxd4 6. cxd4 d6 7. Bc4 Nb6 8. Bb5
dxe5 9. Nxe5 Bd7 10. Nxd7 Qxd7 11. Nc3 1/2-1/2

[Event "10. Kreuzberg Open"]
[Site "Berlin"]
[Date "2009.07.26"]
[Round "9.3"]
[White "Schlemermeyer, Wilhelm"]
[Black "Figura, Atila Gajo"]
[Result "1/2-1/2"]
[WhiteElo "2270"]
[BlackElo "2436"]
[PlyCount "62"]
[EventDate "2009.??.??"]
[WhiteTeam "SC Kreuzberg e.V."]
[BlackTeam "SC Kreuzberg e.V."]

1. e4 c5 2. Nf3 d6 3. d4 cxd4 4. Nxd4 Nf6 5. Nc3 a6 6. Bg5 e6 7. f4 Qb6 8. Qd2
Qxb2 9. Rb1 Qa3 10. f5 Nc6 11. fxe6 fxe6 12. Nxc6 bxc6 13. e5 dxe5 14. Bxf6
gxf6 15. Ne4 Be7 16. Be2 h5 17. Rf1 f5 18. Rf3 Qxa2 19. Rfb3 fxe4 20. Qc3 Bh4+
21. g3 Bd8 22. Qxc6+ Bd7 23. Qxe4 Ke7 24. Rd1 Qa4 25. Rb4 Qa5 26. c3 Rc8 27.
Qg6 Rf8 28. Bxh5 Be8 29. Qg5+ Rf6 30. Qg7+ Rf7 31. Qg5+ Rf6 1/2-1/2

[Event "10. Kreuzberg Open"]
[Site "Berlin"]
[Date "2009.07.26"]
[Round "9.4"]
[White "Lüders, Gerhard"]
[Black "Niehaus, Frank"]
[Result "1/2-1/2"]
[WhiteElo "2254"]
[BlackElo "2149"]
[PlyCount "27"]
[EventDate "2009.??.??"]
[WhiteTeam "BSC Rehberge 1945 e.V."]
[BlackTeam "Sfrd. Berlin 1903 e.V."]

1. g3 Nf6 2. Bg2 c5 3. c4 g6 4. Nc3 Bg7 5. d3 O-O 6. Nf3 Nc6 7. O-O d6 8. Bd2
Bd7 9. Rb1 Qc8 10. Re1 Nh5 11. a3 f5 12. e3 e5 13. Nd5 Qd8 14. Bc3 1/2-1/2

[Event "10. Kreuzberg Open"]
[Site "Berlin"]
[Date "2009.07.26"]
[Round "9.5"]
[White "Sechting, Martin"]
[Black "Gaerths, Ronny"]
[Result "1/2-1/2"]
[WhiteElo "2097"]
[BlackElo "2243"]
[PlyCount "111"]
[EventDate "2009.??.??"]
[WhiteTeam "Hamburger SK von 1830 eV"]
[BlackTeam "Betriebsschach-TT/Wilheil-"]

1. e3 g6 2. Nf3 Bg7 3. d4 Nf6 4. Bd3 O-O 5. O-O d6 6. h3 Nbd7 7. e4 e5 8. c3 h6
9. Qe2 Re8 10. Rd1 exd4 11. cxd4 Nxe4 12. Bxe4 d5 13. Nc3 dxe4 14. Nxe4 Qe7 15.
Re1 Nb6 16. Qd1 Qd8 17. Bf4 Nd5 18. Be5 f6 19. Bg3 b6 20. Qb3 Bb7 21. Nc5 Rxe1+
22. Rxe1 Bc6 23. Ne6 Qd7 24. Nxc7 Rc8 25. Ne6 g5 26. Nxg7 Kxg7 27. Qa3 Ba8 28.
Qd6 Qxd6 29. Bxd6 Kf7 30. Ba3 Rc2 31. h4 Bc6 32. hxg5 hxg5 33. Rd1 Bd7 34. Ne1
Re2 35. Nd3 a5 36. Kf1 Rc2 37. Ne1 Rc8 38. Bd6 Bg4 39. Rd3 Rc6 40. Bg3 Bc8 41.
Rd2 Ba6+ 42. Kg1 Rc1 43. f3 Nf4 44. Kh2 Nd5 45. Bf2 Ra1 46. a3 Ke6 47. Nc2 Rc1
48. Ne3 f5 49. Rd1 Rxd1 50. Nxd1 f4 51. Kg1 Be2 52. Nc3 Nxc3 53. bxc3 Kd5 54.
Kh2 b5 55. Kh3 Bf1 56. Kh2 1/2-1/2

[Event "10. Kreuzberg Open"]
[Site "Berlin"]
[Date "2009.07.26"]
[Round "9.6"]
[White "Gebigke, Martin"]
[Black "Kupfer, Michael"]
[Result "1-0"]
[WhiteElo "2186"]
[BlackElo "2198"]
[PlyCount "113"]
[EventDate "2009.??.??"]
[WhiteTeam "SV Berolina Mitte e.V."]
[BlackTeam "SC Friesen Lichtenberg e.V."]

1. d4 d5 2. c4 dxc4 3. Nf3 Nf6 4. e3 e6 5. Bxc4 c5 6. O-O a6 7. Bb3 Nc6 8. Qe2
Qc7 9. Nc3 Be7 10. Rd1 O-O 11. h3 Rd8 12. a3 b5 13. d5 Na5 14. Ba2 c4 15. e4 h6
16. d6 Rxd6 17. Rxd6 Qxd6 18. e5 Qd3 19. exf6 Bxf6 20. Qxd3 cxd3 21. Bf4 Bb7
22. Ne5 Rc8 23. Nxd3 Bxc3 24. bxc3 Rxc3 25. Rd1 Rxa3 26. Bb1 Be4 27. Nc5 Bxb1
28. Rxb1 Nc4 29. Rd1 e5 30. Rd8+ Kh7 31. Bd2 a5 32. Kf1 b4 33. Ke2 b3 34. Ne4
Ra2 35. Kd1 b2 36. Rb8 Na3 37. Nc3 e4 38. Ke2 b1=Q 39. Rxb1 Rc2 40. Rc1 Rxc1
41. Bxc1 Nc4 42. Nxe4 f5 43. Nc5 h5 44. Kd3 Nd6 45. Bd2 Kg6 46. Bxa5 Kf7 47.
Bd8 Nb5 48. Ke3 Nc3 49. Kd4 Nd1 50. Nd3 Kg6 51. Kc4 f4 52. Nxf4+ Kf5 53. Nd3
Ke4 54. Be7 Kf5 55. Bc5 g5 56. Bd4 h4 57. f3 1-0

[Event "10. Kreuzberg Open"]
[Site "Berlin"]
[Date "2009.07.26"]
[Round "9.7"]
[White "Richter, Götz"]
[Black "Kiesekamp, Marcos"]
[Result "0-1"]
[WhiteElo "2019"]
[BlackElo "2334"]
[PlyCount "34"]
[EventDate "2009.??.??"]
[WhiteTeam "Klub Kölner Schachfreunde e.V. 1"]
[BlackTeam "TuS Makkabi Berlin e.V."]

1. e4 c5 2. Nf3 Nc6 3. d4 cxd4 4. Nxd4 Nf6 5. Nc3 d6 6. g3 Nxd4 7. Qxd4 g6 8.
Bg2 Bg7 9. O-O O-O 10. Qb4 a5 11. Qb5 Bd7 12. Qxb7 Rb8 13. Qa7 Ng4 14. a4 Ne5
15. Ra2 Nc6 16. Qe3 Nb4 17. b3 Bxc3 0-1

[Event "10. Kreuzberg Open"]
[Site "Berlin"]
[Date "2009.07.26"]
[Round "9.8"]
[White "Schatz, Walter"]
[Black "Shapiro, Yosip"]
[Result "1-0"]
[WhiteElo "2219"]
[BlackElo "2120"]
[PlyCount "70"]
[EventDate "2009.??.??"]
[WhiteTeam "TSG Neuruppin"]
[BlackTeam "SV Berolina Mitte e.V."]

1. c4 c5 2. Nf3 Nf6 3. Nc3 Nc6 4. d4 cxd4 5. Nxd4 g6 6. e4 d6 7. Be2 Bg7 8. Be3
O-O 9. O-O Bd7 10. Qd2 Ng4 11. Bxg4 Bxg4 12. Nd5 Bd7 13. Rac1 Re8 14. Nb5 Rf8
15. Rfd1 b6 16. Bg5 f6 17. Be3 Rb8 18. Ndc7 Rf7 19. b3 Rb7 20. Nd5 a6 21. Nd4
g5 22. Nxc6 Bxc6 23. f4 h6 24. f5 Rf8 25. Qd4 h5 26. Nxb6 Rxb6 27. Qxb6 Qxb6
28. Bxb6 Bxe4 29. Re1 Bxf5 30. Rxe7 Rc8 31. Rce1 Rc6 32. Ra7 Bf8 33. Re8 d5 34.
Raa8 dxc4 35. Rxf8+ Kg7 1-0

[Event "10. Kreuzberg Open"]
[Site "Berlin"]
[Date "2009.07.26"]
[Round "9.9"]
[White "Jahnz, Fabian"]
[Black "Hahlbohm, Matthias"]
[Result "0-1"]
[WhiteElo "2191"]
[BlackElo "2084"]
[PlyCount "156"]
[EventDate "2009.??.??"]
[WhiteTeam "SK König Tegel 1949 e.V."]
[BlackTeam "TSG Oberschöneweide e.V."]

1. e4 c5 2. c3 d5 3. exd5 Qxd5 4. d4 Nc6 5. Nf3 Bg4 6. Be2 e6 7. h3 Bf5 8. c4
Qd8 9. d5 Nb8 10. Nc3 Nf6 11. Bf4 a6 12. Qb3 Qc8 13. g4 Bg6 14. dxe6 fxe6 15.
Na4 Nbd7 16. O-O Be7 17. Nh4 Bf7 18. Bf3 Ra7 19. Nb6 Qd8 20. Nxd7 Nxd7 21. Ng2
b6 22. Rad1 O-O 23. Bc6 Qc8 24. Bxd7 Rxd7 25. Rxd7 Qxd7 26. Qxb6 e5 27. Bxe5
Bxc4 28. Re1 Qd2 29. Bg3 Bf6 30. Qxc5 Bxa2 31. Qc1 Qb4 32. Re2 Bd5 33. Ne3 Bf3
34. Rd2 Qb7 35. Rc2 h6 36. Rc7 Qxb2 37. Qxb2 Bxb2 38. Rc2 Bf6 39. Kf1 Ra8 40.
Ke1 a5 41. Ra2 Bc3+ 42. Kf1 Bb4 43. Be5 a4 44. Nc2 Bc5 45. Bd4 Be7 46. Ke1 Bd5
47. Ra1 Bb3 48. Na3 Bb4+ 49. Ke2 Rc8 50. Kd3 Kf7 51. f4 g6 52. Ke4 Rd8 53. f5
gxf5+ 54. gxf5 Be7 55. Bc3 Re8 56. Nb5 Rc8 57. Rg1 Bc2+ 58. Kf3 Bxf5 59. Ba1
Bxh3 60. Rh1 Bd7 61. Nd4 Kg6 62. Ke4 Bg5 63. Rg1 Rc1 64. Rxc1 Bxc1 65. Ne2 Ba3
66. Be5 Be7 67. Kd4 Kf5 68. Ng3+ Kg4 69. Ne4 Bf5 70. Nf6+ Kg5 71. Nd5 Ba3 72.
Bf4+ Kh5 73. Kc3 Bf8 74. Ne3 Be6 75. Kb2 a3+ 76. Kc1 Bg7 77. Nc2 a2 78. Be3 Bb3
0-1

[Event "10. Kreuzberg Open"]
[Site "Berlin"]
[Date "2009.07.26"]
[Round "9.10"]
[White "Welz, Peter"]
[Black "Pflantz, Mike"]
[Result "1/2-1/2"]
[WhiteElo "2101"]
[BlackElo "2184"]
[PlyCount "163"]
[EventDate "2009.??.??"]
[WhiteTeam "SV Empor Berlin e.V."]
[BlackTeam "SC Kreuzberg e.V."]

1. e4 e6 2. d4 d5 3. e5 c5 4. dxc5 Nc6 5. Nf3 Bxc5 6. Bd3 f6 7. Bf4 fxe5 8.
Nxe5 Nxe5 9. Bxe5 Nf6 10. Nd2 Bd6 11. Nf3 Bxe5 12. Nxe5 O-O 13. O-O Qd6 14. Qe2
Bd7 15. Rae1 Rae8 16. Qe3 a6 17. Qh3 Bb5 18. c4 dxc4 19. Bxc4 Nd5 20. Re4 Rf5
21. Bxb5 axb5 22. Rfe1 Ref8 23. Nd3 Nc7 24. Qe3 b6 25. Rd4 Rd5 26. Rxd5 exd5
27. Qe7 Qxe7 28. Rxe7 Rf7 29. Rxf7 Kxf7 30. Kf1 Ke6 31. Ke2 d4 32. Nb4 Ke5 33.
Kd3 Ne6 34. g3 Nc5+ 35. Ke2 g5 36. f3 Ne6 37. b3 Kd6 38. Kd2 Ke5 39. Ke2 Kd6
40. Kf2 Kc5 41. Nd3+ Kd5 42. h4 h6 43. h5 Ng7 44. g4 Ne6 45. Kg3 Kd6 46. f4
gxf4+ 47. Nxf4 Ng5 48. Nd3 Ke6 49. Kf4 Kf6 50. Nb4 Ke6 51. Nc6 d3 52. Ke3 Nh3
53. Nd4+ Kf6 54. Nxb5 d2 55. Kxd2 Nf2 56. Nc3 Nxg4 57. Nd5+ Ke5 58. Nxb6 Nf6
59. a4 Kd6 60. b4 Nxh5 61. b5 Nf6 62. Nc4+ Kc5 63. Kc3 h5 64. Ne5 h4 65. Nd3+
Kb6 66. Kb4 Nd5+ 67. Kc4 Ne3+ 68. Kd4 Nc2+ 69. Kc3 Ne3 70. Nf4 Kc5 71. Kd3 Nc4
72. Kc3 Ne3 73. Kb3 Nf5 74. Ne6+ Kd6 75. Ng5 Kc5 76. Ne4+ Kd5 77. Nf6+ Kc5 78.
Kc3 h3 79. Ne4+ Kd5 80. b6 Kc6 81. a5 h2 82. Nf2 1/2-1/2